Statistics for Arctic Monkeys - One for the Road (Lyrics)

Click here to take the quiz!

General Stats

  • This quiz has been taken 10 times
  • The average score is 165 of 246

Answer Stats

Answer% Correct
feel
100%
I
100%
So
100%
the
100%
The
100%
you
100%
your
100%
and
86%
And
86%
be
86%
been
86%
before
86%
bottom
86%
heart
86%
here
86%
I've
86%
like
86%
me
86%
of
86%
on
86%
relegation
86%
zone
86%
all
71%
back
71%
for
71%
From
71%
from
71%
in
71%
one
71%
road?
71%
show
71%
to
71%
we
71%
Will
71%
around,
57%
baby
57%
blackout
57%
blinds
57%
ceiling
57%
coming
57%
dark
57%
fine
57%
floor
57%
go
57%
it
57%
out
57%
outside
57%
patterns
57%
pour
57%
rattle
57%
roll
57%
saw
57%
shake,
57%
sit
57%
start
57%
talk
57%
tell
57%
this
57%
When
57%
you're
57%
yours
57%
But
43%
Cast
43%
cracks
43%
Don't
43%
feeling
43%
need
43%
no
43%
There's
43%
thought
43%
was
43%
cards
29%
everybody
29%
get
29%
hard
29%
knew
29%
later
29%
that
29%
would
29%
apart
14%
disaster
14%
fall
14%
guitar
14%
hits
14%
mixture
14%
sinking
14%
Some
14%
Soundtrack
14%
tune
14%
whether
14%
wondering
14%
wouldn't
14%
fold
0%

Score Distribution

Percentile by Number Answered

Percent of People with Each Score

Your Score History

You have not taken this quiz